000 00575nam a2200229 a 4500
999 _c4050
_d4050
001 4050
003 BD-JhCC
005 20171122195402.0
008 171122s1964 ||||| |||| 00| 0 eng d
035 _a(BD-JhCC)
040 _aBD-JhCC
_dBD-JhCC
041 _aeng
082 _a677.31094281
_bPEO 1964
100 _aOxford University
245 _aPeople of Britain /
_cOxford University
260 _aLondon :
_bOxford University Press,
_c1964
300 _a32 p. :
_c20cm.
490 _aSeries Two
650 _aTextile Industry
942 _2ddc
_cBK